000 01197aam a2200301 i 4500
001 768714001
003 CO-MdFUSB
005 20210920110632.0
007 ta
008 210920t1948 sp ac||| |||| 00| 0 spa d
020 _a[No incluye ISBN]
040 _bspa.
_aCO-MdFUSB
_cCO-MdFUSB
_dCO-MdFUSBC
_erda
041 _aspa
082 0 4 _a920
_223
_bB447u
100 1 _aBellonci, María
_eautor
245 1 0 _aLucrecia Borja :
_bsu vida y su época
_c/ María Bellonci ;traducido por María Mezquita
264 0 _aBarcelona, España :
_bLuis Miracle,
_c[1948]
300 _a566 páginas
_c; 23 cm
336 _2rdacontent
_atexto
_btxt
337 _2rdamedia
_asin mediación
_bn
338 _2rdacarrier
_avolumen
_bnc
505 _aLa conquista del Vaticano. -- "El hombre más sensual". -- Condesa de Pesaro. -- Misterios y delitos. -- La trágica Duquesa de Bisceglie. -- El tercer matrimonio. -- En la corte de los Este. -- Inquietudes. -- El más bello amor. -- Intrigas y conjuraciones ducales. -- Guerra sobre Ferrara. -- Tiempos de paz.
563 _aTapa dura
650 7 _9409
_aBiografía
700 _95636
_aMézquita, María,
_etraductor
942 _cBK
945 _aJTF-925
999 _c40683
_d40683